Interfonos y talkies-walkies / (Record no. 33322)

MARC details
000 -LEADER
campo de control de longitud fija 00592nam a2200181 i 4500
001 - NÚMERO DE CONTROL
campo de control 33322
003 - IDENTIFICADOR DE NÚMERO DE CONTROL
campo de control ES-MaACL
005 - FECHA Y HORA DE LA ÚLTIMA TRANSACCIÓN
campo de control 20230906154734.0
007 - CAMPO FIJO DE DESCRIPCIÓN FÍSICA--INFORMACIÓN GENERAL
campo de control de longitud fija t|
008 - DATOS DE LONGITUD FIJA--INFORMACIÓN GENERAL
campo de control de longitud fija 030202s1969 sp ||||1| spa d
100 1# - ENTRADA PRINCIPAL--NOMBRE DE PERSONA
Nombre de persona Besson, R.
9 (RLIN) 28609
245 10 - MENCIÓN DEL TÍTULO
Título Interfonos y talkies-walkies /
Mención de responsabilidad, etc. R. Besson ; traducción... Salvador Nolis Bruguera ; revisado por L. Ibáñez Morlán.
260 ## - PUBLICACIÓN, DISTRIBUCIÓN, ETC.
Lugar de publicación, distribución, etc. Barcelona :
Nombre del editor, distribuidor, etc. Marcombo,
Fecha de publicación, distribución, etc. [1969]
300 ## - DESCRIPCIÓN FÍSICA
Extensión 204 p. :
Otras características físicas il. ;
Dimensiones 24 cm.
700 1# - ENTRADA AGREGADA--NOMBRE PERSONAL
Nombre de persona Nolis Bruguera, Salvador.
9 (RLIN) 85912
700 1# - ENTRADA AGREGADA--NOMBRE PERSONAL
Nombre de persona Ibáñez Morlán, Luis.
9 (RLIN) 64937
852 ## - LOCALIZACIÓN
Ubicación ES-MaACL
Número de control de estantería C-44047
Sublocalización o colección R.72698
Holdings
Estatus retirado Estado de pérdida Estado de daño No para préstamo Biblioteca de origen Biblioteca actual Ubicación en estantería Fecha de adquisición Fuente de adquisición Total de préstamos Signatura topográfica completa Código de barras Visto por última vez Precio de reemplazo Tipo de ítem Koha
        Biblioteca del Ateneo de Madrid Biblioteca del Ateneo de Madrid Depósito 2 17/01/2008     C-44047 1034654 23/02/2023 23/02/2023 Libro impreso